We are living on a star (Record no. 730)

MARC details
000 -LEADER
campo de control de longitud fija 02439nam a22004457a 4500
008 - DATOS DE LONGITUD FIJA--INFORMACIÓN GENERAL
campo de control de longitud fija 150831b xxu||||| |||| 00| 0 eng d
020 ## - NÚMERO INTERNACIONAL ESTÁNDAR DEL LIBRO
Número Internacional Estándar del Libro 9783956790478
082 ## - NÚMERO DE LA CLASIFICACIÓN DECIMAL DEWEY
Número de clasificación 708
Número de ítem H249w
100 ## - ENTRADA PRINCIPAL--NOMBRE DE PERSONA
Nombre de persona Hansen, Tone
9 (RLIN) 3420
245 ## - MENCIÓN DEL TÍTULO
Título We are living on a star
Mención de responsabilidad, etc. Tone Hansen; Marit Paasche
260 ## - PUBLICACIÓN, DISTRIBUCIÓN, ETC.
Lugar de publicación, distribución, etc. [Berlín]
Nombre del editor, distribuidor, etc. Henie Onstad Kunstsenter (HOK)
Fecha de publicación, distribución, etc. 2014
300 ## - DESCRIPCIÓN FÍSICA
Extensión 191 p.
Otras características físicas ill. (col.)
Dimensiones 26 cm.
505 ## - NOTA DE CONTENIDO CON FORMATO
Título Foreword /Tone Hansen -We are living on a star / Marit Paasche - Javier Téllez - Jumana Manna - Nothing is more radical tan the facts / Jumana Manna - Eline McGeorge - Excerpt from Aniara: A review of man in time and space / Harry Martinson - Else Marie Hagen - Doug Ashford - Violent words / Renata Salecl - Ahlam Shibli - Lotte Konow Lund - In a Taxi, people really say what they mean / Thomas Keenan - Martin Braathen, Marius Engh, Even Smith Wergeland, and Superunion Architects - Echo Chamber. A meeting place for bootleggers, pimps, homosexuals, and others / Martin Braathen - Arne Garborgs Plass: Contemporary ruin with spatial neuroses / Even Smith Wergeland - Eva Rothschild - Dare to Betray! / Boris Buden - Burak Arikan - Silje Linge Haaland - Julian Blaue - A parallel history and three questions / Julian Blaue - Marthe Ramm Fortun - The prewar city / Marthe Ramm Fortun - Per-Oskar Leu - The decay of snobbery: Russian art and society before and beyond the end of the welfare state / Ekaterina Degot - Hannah Ryggen - Hanne Friis .-
650 ## - PUNTO DE ACCESO ADICIONAL DE MATERIA--TÉRMINO DE MATERIA
Término de materia o nombre geográfico como elemento de entrada Arte moderno
Subdivisión de forma Exhibiciones
Subdivisión geográfica S. 21
9 (RLIN) 3421
650 ## - PUNTO DE ACCESO ADICIONAL DE MATERIA--TÉRMINO DE MATERIA
Término de materia o nombre geográfico como elemento de entrada Arte moderno
9 (RLIN) 145
700 ## - ENTRADA AGREGADA--NOMBRE PERSONAL
Nombre de persona Paasche, Marit
9 (RLIN) 3423
700 ## - ENTRADA AGREGADA--NOMBRE PERSONAL
Nombre de persona Téllez, Javier
9 (RLIN) 3424
700 ## - ENTRADA AGREGADA--NOMBRE PERSONAL
Nombre de persona Manna, Jumana
9 (RLIN) 3425
700 ## - ENTRADA AGREGADA--NOMBRE PERSONAL
Nombre de persona McGeorge, Eline
9 (RLIN) 3426
700 ## - ENTRADA AGREGADA--NOMBRE PERSONAL
Nombre de persona Martinson, Harry
9 (RLIN) 3427
700 ## - ENTRADA AGREGADA--NOMBRE PERSONAL
Nombre de persona Hagen, Else Marie
9 (RLIN) 3428
700 ## - ENTRADA AGREGADA--NOMBRE PERSONAL
Nombre de persona Ashford, Doug
9 (RLIN) 3429
700 ## - ENTRADA AGREGADA--NOMBRE PERSONAL
Nombre de persona Salecl, Renata
9 (RLIN) 3430
700 ## - ENTRADA AGREGADA--NOMBRE PERSONAL
Nombre de persona Shibli, Ahlam
9 (RLIN) 3431
700 ## - ENTRADA AGREGADA--NOMBRE PERSONAL
Nombre de persona Konow Lund, Lotte
9 (RLIN) 3432
700 ## - ENTRADA AGREGADA--NOMBRE PERSONAL
Nombre de persona Keenan, Thomas
9 (RLIN) 3433
700 ## - ENTRADA AGREGADA--NOMBRE PERSONAL
Nombre de persona Braathen, Martin
9 (RLIN) 3434
700 ## - ENTRADA AGREGADA--NOMBRE PERSONAL
Nombre de persona Engh, Marius
9 (RLIN) 3435
700 ## - ENTRADA AGREGADA--NOMBRE PERSONAL
Nombre de persona Smith Wergeland, Even
9 (RLIN) 3436
700 ## - ENTRADA AGREGADA--NOMBRE PERSONAL
Nombre de persona Rothschild, Eva
9 (RLIN) 3437
700 ## - ENTRADA AGREGADA--NOMBRE PERSONAL
Nombre de persona Buden, Boris
9 (RLIN) 346
700 ## - ENTRADA AGREGADA--NOMBRE PERSONAL
Nombre de persona Arikan, Burak
9 (RLIN) 3438
700 ## - ENTRADA AGREGADA--NOMBRE PERSONAL
Nombre de persona Linge Haaland, Silje
9 (RLIN) 3439
700 ## - ENTRADA AGREGADA--NOMBRE PERSONAL
Nombre de persona Blaue, Julian
9 (RLIN) 3440
700 ## - ENTRADA AGREGADA--NOMBRE PERSONAL
Nombre de persona Ramm Fortun, Marthe
9 (RLIN) 3441
700 ## - ENTRADA AGREGADA--NOMBRE PERSONAL
Nombre de persona Leu, Per-Oskar
9 (RLIN) 3442
700 ## - ENTRADA AGREGADA--NOMBRE PERSONAL
Nombre de persona Degot, Ekaterina
9 (RLIN) 3443
700 ## - ENTRADA AGREGADA--NOMBRE PERSONAL
Nombre de persona Ryggen, Hannah
9 (RLIN) 3444
700 ## - ENTRADA AGREGADA--NOMBRE PERSONAL
Nombre de persona Friis, Hanne
9 (RLIN) 3445
Holdings
Estatus retirado Estado de pérdida Fuente del sistema de clasificación o colocación Estado de daño No para préstamo Biblioteca de origen Biblioteca actual Ubicación en estantería Fecha de adquisición Total de préstamos Signatura topográfica completa Código de barras Visto por última vez Precio de reemplazo Tipo de ítem Koha
    Clasificación Decimal Dewey     Biblioteca LadoV Biblioteca LadoV   31/08/2015   708 H249w 004078 31/08/2015 31/08/2015 Material 01